| 000 | 00605nam a2200217Ia 4500 | ||
|---|---|---|---|
| 003 | OSt | ||
| 005 | 20221007065051.0 | ||
| 006 | a|||||r|||| 00| 0 | ||
| 007 | ta | ||
| 008 | 221006b |||||||| |||| 00| 0 eng d | ||
| 024 | _a26,021 | ||
| 037 | _cReports / Technical Reports | ||
| 040 |
_aFLL _cFLL _beng |
||
| 041 |
_2eng _aeng |
||
| 082 | _aX724:Z2qN14, H3 | ||
| 245 | 0 | _aIndian income- tax act, 1922 | |
| 260 |
_aDelhi _bThe Manager of Publications India _c1943 |
||
| 300 |
_a58p _ccm. |
||
| 942 |
_hX724:Z2qN14, H3 _cREP _2CC |
||
| 999 |
_c1136198 _d1136198 |
||